Countries on a Cross Between the Equator and Prime Meridian - Statistics

General Stats
  • This quiz has been taken 14 times
  • The average score is 17 of 19
Answer Stats
Line Continent Answer % Correct
Top Left to Bottom Right Africa Guinea
100%
Top Left to Bottom Right Africa Mauritania
100%
Top Left to Bottom Right Africa Senegal
100%
Top Left to Bottom Right Africa Angola
91%
Top Left to Bottom Right Africa Botswana
91%
Top Left to Bottom Right North America Canada
91%
Bottom Left to Top Right Africa Chad
91%
Bottom Left to Top Right Africa Egypt
91%
Bottom Left to Top Right Asia Georgia
91%
Bottom Left to Top Right Asia Kazakhstan
91%
Bottom Left to Top Right Africa Libya
91%
Top Left to Bottom Right Africa Namibia
91%
Bottom Left to Top Right Africa Nigeria
91%
Bottom Left to Top Right Asia Syria
91%
Bottom Left to Top Right Asia Turkey
91%
Top Left to Bottom Right Africa Ivory Coast
82%
Top Left to Bottom Right Africa Lesotho
82%
Bottom Left to Top Right Asia Russia
82%
Top Left to Bottom Right Africa South Africa
82%
No matching quizzes found
Score Distribution
Percent of People with Each Score
Percentile by Number Answered
Your Score History
You have not taken this quiz